Quiz Pokémon - Type Spectre - Statistiques

Statistiques générales
  • Ce quiz a été pris 27 fois
  • Le résultat moyen est 12 sur 20
Statistiques - réponses
Question Réponse % Correct
Citer le seul Pokémon Spectre possédant une forme Gigamax. Ectoplasma
92%
Quel est l'unique Pokémon possédant 1 seul PV ? Munja
84%
Avec quel Pokémon Sylveroy s'unit-il pour obtenir sa forme Cavalier d'Effroi ? Spectreval
84%
Quelle est la seule faiblesse du Zoroark de Hisui (Normal/Spectre) ? Ténèbres
84%
Quelle est la puissance de la capacité Revenant apprise uniquement par Giratina ? 120
80%
Cite le seul Pokémon Spectre pur capable de méga-évoluer. Branette
80%
Cite un Pokémon de type Eau/Spectre. Viskuse - Moyade - Paragruel
80%
Quel Pokémon Spectre possède une forme Assaut et une forme Parade ? Exagide
72%
Cite un membre de Conseil 4 spécialiste du type Spectre. Agatha - Spectra - Anis - Margie
68%
Quel objet doit tenir Téraclope afin d'évoluer en Noctunoir lors d'un échange ? Tissu Fauche
64%
Quel talent doté uniquement par des Pokémon Spectre possède 30% de chances d'entraver la dernière capacité lancée par la cible ? Corps Maudit
56%
Quelle est la capacité ajoutant le type Spectre à la cible ? Elle est par ailleurs la capacité signature de Pitrouille et Banshitrouye. Halloween
52%
Quel est le nom de la forme de Necrozma lorsqu'il fusionne avec Lunala ? Ailes de l'Aurore
48%
Quelle est la capacité signature d'Archéduc ? Tisse Ombre
44%
Quel est l'unique Pokémon pouvant utiliser la capacité Z Fauche-Âme des Sept Étoiles ? Marshadow
40%
Quel objet augmente la puissance des capacités Spectre de 20% ? Rune Sort
36%
À quel Pokémon appartient la capacité signature Cortège Funèbre ? Typhlosion de Hisui
36%
Quel talent permet au lanceur de toucher les Pokémon Spectre avec des capacités Normal ou Combat ? Querelleur
32%
Quel objet permet à Plumeline d'adopter le style Buyō ? Nectar Mauve
28%
Quel est la limite de dégâts que peut infliger la capacité Hommage Posthume ? 5050
12%
Aucun quiz correspondant
Distribution des résultats
% des personnes avec chaque résultat
Percentile par nombre de réponses
Votre historique - résultats
Vous n’avez pas pris ce quiz